[Event "Greek Team Championship"]
[Site "chess24.com"]
[Date "2017.07.08"]
[Round "7"]
[White "Rousis, Chrysostomos"]
[Black "Trapalis, Theodoros"]
[Result "1-0"]
[Board "10"]
[WhiteElo "1615"]
[WhiteCountry "CYP"]
[WhiteFideId "5902860"]
[WhiteEloChange "2"]
[BlackElo "1251"]
[BlackCountry "GRE"]
[BlackFideId "25854690"]
[BlackEloChange "-2"]

1. e4 {[%clk 1:30:57]} e6 {[%clk 1:30:52]} 2. d4 {[%clk 1:31:14]} d5 {[%clk
1:31:13]} 3. Nd2 {[%clk 1:31:29]} Nf6 {[%clk 1:31:26]} 4. e5 {[%clk 1:31:30]}
Nfd7 {[%clk 1:31:47]} 5. Bd3 {[%clk 1:31:25]} c5 {[%clk 1:31:56]} 6. c3 {[%clk
1:31:40]} Nc6 {[%clk 1:32:12]} 7. Ne2 {[%clk 1:31:43]} Qb6 {[%clk 1:31:48]} 8.
Nf3 {[%clk 1:31:33]} cxd4 {[%clk 1:30:38]} 9. cxd4 {[%clk 1:31:46]} f6 {[%clk
1:30:36]} 10. exf6 {[%clk 1:30:20]} Nxf6 {[%clk 1:30:43]} 11. O-O {[%clk
1:29:17]} Bd6 {[%clk 1:30:33]} 12. a3 {[%clk 1:23:45]} Bd7 {[%clk 1:24:47]} 13.
b4 {[%clk 1:22:43]} a6 {[%clk 0:57:45]} 14. Bf4 {[%clk 1:18:51]} Qc7 {[%clk
0:50:16]} 15. Bg3 {[%clk 1:15:16]} O-O {[%clk 0:40:08]} 16. Rc1 {[%clk 1:07:02]}
Rad8 {[%clk 0:16:39]} 17. Rc5 {[%clk 1:04:49]} Be8 {[%clk 0:03:36]} 18. Bxd6
{[%clk 1:03:45]} Qxd6 {[%clk 0:03:49]} 19. Qc2 {[%clk 1:02:04]} h6 {[%clk
0:00:53]} 20. Rc1 {[%clk 0:57:28]} Ng4 {[%clk 0:00:37]} 21. h3 {[%clk 0:57:07]}
Rxf3 {[%clk 0:00:33]} 22. hxg4 {[%clk 0:57:29]} Rf6 {[%clk 0:00:38]} 23. b5
{[%clk 0:54:31]} axb5 {[%clk 0:00:35]} 24. Bxb5 {[%clk 0:54:45]} Bd7 {[%clk
0:00:34]} 25. f4 {[%clk 0:46:39]} Rdf8 {[%clk 0:00:34]} 26. Rb1 {[%clk 0:34:49]}
Qe7 {[%clk 0:00:31]} 27. Bd3 {[%clk 0:33:59]} Qd6 {[%clk 0:00:30]} 28. Rxb7
{[%clk 0:34:05]} g5 {[%clk 0:00:34]} 29. Rxd7 {[%clk 0:33:35]} Qxd7 {[%clk
0:00:45]} 30. Rxc6 {[%clk 0:33:59]} gxf4 {[%clk 0:00:38]} 31. Rc7 {[%clk
0:34:22]} Qd6 {[%clk 0:00:34]} 32. Bh7+ {[%clk 0:34:43]} Kh8 {[%clk 0:00:53]} 33.
Bg8 {[%clk 0:35:09]} Qxc7 {[%clk 0:00:33]} 34. Qxc7 {[%clk 0:35:21]} Kxg8 {[%clk
0:00:45]} 35. g3 {[%clk 0:31:45]} fxg3 {[%clk 0:00:33]} 36. Qxg3 {[%clk 0:32:00]}
Rf3 {[%clk 0:00:37]} 37. Qg2 {[%clk 0:30:59]} Rxa3 {[%clk 0:00:39]} 38. g5 {[%clk
0:30:18]} Kh7 {[%clk 0:00:44]} 39. g6+ {[%clk 0:28:23]} Kg7 {[%clk 0:00:32]} 40.
Qg4 {[%clk 0:57:52]} Ra1+ {[%clk 0:30:32]} 41. Kg2 {[%clk 0:57:55]} Rf5 {[%clk
0:09:32]} 42. Nf4 {[%clk 0:52:47]} Ra8 {[%clk 0:00:37]} 43. Nh5+ {[%clk 0:37:45]}
Kg8 {[%clk 0:00:43]} 44. Kh3 {[%clk 0:32:56]} Ra3+ {[%clk 0:00:34]} 45. Kh4
{[%clk 0:29:41]} Raf3 {[%clk 0:00:33]} 46. g7 {[%clk 0:29:43]} Rf2 {[%clk
0:00:40]} 47. Kg3 {[%clk 0:25:35]} Rf1 {[%clk 0:00:31]} 48. Kg2 {[%clk 0:23:54]}
R5f2+ {[%clk 0:00:35]} 49. Kg3 {[%clk 0:21:53]} Rf5 {[%clk 0:00:40]} 50. Qe2
{[%clk 0:19:50]} Rg1+ {[%clk 0:00:33]} 51. Kh2 {[%clk 0:19:43]} Rg6 {[%clk
0:00:32]} 52. Kh3 {[%clk 0:15:59]} Rf7 {[%clk 0:00:31]} 53. Kh4 {[%clk 0:15:41]}
Rf5 {[%clk 0:00:34]} 54. Qc2 {[%clk 0:14:56]} Rgg5 {[%clk 0:00:33]} 55. Qc8+
{[%clk 0:15:06]} Kh7 {[%clk 0:00:36]} 56. Qh8+ {[%clk 0:15:28]} 1-0

[Event "Greek Team Championship"]
[Site "chess24.com"]
[Date "2017.07.08"]
[Round "7"]
[White "Czarnota, Pawel"]
[Black "Baldauf, Marco"]
[Result "1/2-1/2"]
[Board "1"]
[WhiteElo "2557"]
[WhiteTitle "GM"]
[WhiteCountry "POL"]
[WhiteFideId "1121219"]
[WhiteEloChange "-1"]
[BlackElo "2459"]
[BlackTitle "IM"]
[BlackCountry "GER"]
[BlackFideId "4688210"]
[BlackEloChange "1"]

1. e4 {[%clk 1:30:55]} e5 {[%clk 1:30:56]} 2. Nf3 {[%clk 1:31:13]} Nc6 {[%clk
1:31:22]} 3. Bc4 {[%clk 1:31:09]} Bc5 {[%clk 1:31:47]} 4. c3 {[%clk 1:31:03]} Nf6
{[%clk 1:32:11]} 5. d3 {[%clk 1:31:35]} a6 {[%clk 1:29:11]} 6. a4 {[%clk
1:31:31]} Ba7 {[%clk 1:25:18]} 7. O-O {[%clk 1:31:47]} d6 {[%clk 1:25:27]} 8. h3
{[%clk 1:32:05]} h6 {[%clk 1:25:05]} 9. Re1 {[%clk 1:32:27]} O-O {[%clk 1:24:29]}
10. Nbd2 {[%clk 1:30:49]} Ne7 {[%clk 1:22:20]} 11. Bb3 {[%clk 1:28:13]} Ng6
{[%clk 1:22:19]} 12. d4 {[%clk 1:28:08]} Re8 {[%clk 1:16:44]} 13. Bc2 {[%clk
1:27:39]} Nh5 {[%clk 1:04:37]} 14. Nxe5 {[%clk 1:16:25]} dxe5 {[%clk 1:04:49]}
15. Qxh5 {[%clk 1:16:44]} exd4 {[%clk 1:04:55]} 16. Nf3 {[%clk 1:16:13]} c5
{[%clk 0:50:06]} 17. cxd4 {[%clk 1:15:07]} cxd4 {[%clk 0:50:23]} 18. Bd3 {[%clk
1:11:24]} Be6 {[%clk 0:43:37]} 19. e5 {[%clk 1:08:08]} Qd7 {[%clk 0:39:22]} 20.
Bd2 {[%clk 0:56:49]} Rac8 {[%clk 0:39:42]} 21. a5 {[%clk 0:56:08]} Bc4 {[%clk
0:35:17]} 22. Bf5 {[%clk 0:47:41]} Be6 {[%clk 0:35:30]} 23. Bd3 {[%clk 0:48:06]}
Bc4 {[%clk 0:35:56]} 24. Bf5 {[%clk 0:48:31]} Be6 {[%clk 0:36:22]} 25. Bd3 {[%clk
0:48:57]} 1/2-1/2

[Event "Greek Team Championship"]
[Site "chess24.com"]
[Date "2017.07.08"]
[Round "7"]
[White "Seyb, Alexander"]
[Black "Sandalakis, Angelos"]
[Result "1/2-1/2"]
[Board "2"]
[WhiteElo "2425"]
[WhiteTitle "IM"]
[WhiteCountry "GER"]
[WhiteFideId "4699033"]
[BlackElo "2446"]
[BlackTitle "IM"]
[BlackCountry "GRE"]
[BlackFideId "4207645"]

1. e4 {[%clk 1:30:55]} e5 {[%clk 1:30:36]} 2. Nf3 {[%clk 1:31:18]} Nc6 {[%clk
1:31:01]} 3. d4 {[%clk 1:31:40]} exd4 {[%clk 1:31:22]} 4. Nxd4 {[%clk 1:32:04]}
Nf6 {[%clk 1:31:48]} 5. Nxc6 {[%clk 1:32:25]} bxc6 {[%clk 1:32:16]} 6. e5 {[%clk
1:32:45]} Qe7 {[%clk 1:32:35]} 7. Qe2 {[%clk 1:33:09]} Nd5 {[%clk 1:33:02]} 8. c4
{[%clk 1:33:30]} Nb6 {[%clk 1:33:18]} 9. Nc3 {[%clk 1:33:52]} Qe6 {[%clk
1:29:41]} 10. Qe4 {[%clk 1:34:15]} Bb4 {[%clk 1:28:38]} 11. Bd2 {[%clk 1:34:38]}
Bb7 {[%clk 1:27:21]} 12. O-O-O {[%clk 1:03:39]} O-O-O {[%clk 1:26:22]} 13. f4
{[%clk 0:46:26]} f5 {[%clk 1:16:21]} 14. Qe2 {[%clk 0:39:23]} Ba6 {[%clk
1:13:22]} 15. b3 {[%clk 0:39:19]} d5 {[%clk 1:10:04]} 16. exd6 {[%clk 0:35:07]}
Qxd6 {[%clk 1:10:17]} 17. Qf3 {[%clk 0:35:33]} Bb7 {[%clk 0:49:08]} 18. Be2
{[%clk 0:35:11]} Qf6 {[%clk 0:46:04]} 19. Kc2 {[%clk 0:28:30]} c5 {[%clk
0:40:39]} 20. Qg3 {[%clk 0:28:59]} Rhe8 {[%clk 0:39:01]} 21. Rhe1 {[%clk
0:29:15]} Bxg2 {[%clk 0:38:16]} 22. a3 {[%clk 0:29:37]} Bxc3 {[%clk 0:26:52]} 23.
Bxc3 {[%clk 0:30:02]} Qc6 {[%clk 0:27:13]} 24. Rxd8+ {[%clk 0:28:02]} Rxd8 {[%clk
0:25:56]} 25. Qxg7 {[%clk 0:26:16]} Be4+ {[%clk 0:22:09]} 26. Kb2 {[%clk
0:26:44]} Rd7 {[%clk 0:21:29]} 27. Qg3 {[%clk 0:24:52]} Rd6 {[%clk 0:21:27]} 28.
Qe3 {[%clk 0:21:54]} Rh6 {[%clk 0:10:28]} 29. h3 {[%clk 0:21:41]} Rg6 {[%clk
0:10:54]} 30. Rg1 {[%clk 0:21:52]} Nxc4+ {[%clk 0:09:09]} 31. bxc4 {[%clk
0:21:52]} Qa4 {[%clk 0:10:32]} 32. Bd1 {[%clk 0:20:59]} Rb6+ {[%clk 0:10:47]} 33.
Bb4 {[%clk 0:15:13]} Qc6 {[%clk 0:11:15]} 34. Kc3 {[%clk 0:08:45]} Qf6+ {[%clk
0:10:54]} 35. Kb3 {[%clk 0:09:13]} cxb4 {[%clk 0:10:21]} 36. axb4 {[%clk
0:09:41]} a5 {[%clk 0:09:32]} 37. b5 {[%clk 0:10:10]} Qa1 {[%clk 0:09:46]} 38.
Bf3 {[%clk 0:09:26]} a4+ {[%clk 0:07:48]} 39. Kb4 {[%clk 0:09:55]} Qb2+ {[%clk
0:08:07]} 40. Ka5 {[%clk 0:38:44]} Re6 {[%clk 0:33:18]} 41. c5 {[%clk 0:15:58]}
c6 {[%clk 0:29:44]} 42. Rg8+ {[%clk 0:16:26]} Kb7 {[%clk 0:28:27]} 43. Be2 {[%clk
0:16:29]} cxb5 {[%clk 0:17:51]} 44. c6+ {[%clk 0:16:55]} Rxc6 {[%clk 0:18:15]}
45. Bxb5 {[%clk 0:17:24]} Rd6 {[%clk 0:18:30]} 46. Re8 {[%clk 0:16:02]} Qg7
{[%clk 0:07:23]} 47. Qc5 {[%clk 0:12:13]} Qc7+ {[%clk 0:07:47]} 48. Qxc7+ {[%clk
0:12:40]} Kxc7 {[%clk 0:08:13]} 49. Re7+ {[%clk 0:12:55]} Kc8 {[%clk 0:08:34]}
50. Re8+ {[%clk 0:12:53]} Rd8 {[%clk 0:06:54]} 51. Bxa4 {[%clk 0:12:45]} Rxe8
{[%clk 0:06:48]} 52. Bxe8 {[%clk 0:13:14]} Kd8 {[%clk 0:07:11]} 53. Ba4 {[%clk
0:12:38]} Ke7 {[%clk 0:07:19]} 54. Kb4 {[%clk 0:12:54]} Kf6 {[%clk 0:05:57]} 55.
Kc5 {[%clk 0:13:18]} Kg6 {[%clk 0:04:25]} 56. Be8+ {[%clk 0:13:22]} Kf6 {[%clk
0:04:48]} 57. Kd6 {[%clk 0:12:58]} h6 {[%clk 0:05:17]} 58. Bb5 {[%clk 0:12:55]}
Bg2 {[%clk 0:05:27]} 59. h4 {[%clk 0:13:00]} 1/2-1/2

[Event "Greek Team Championship"]
[Site "chess24.com"]
[Date "2017.07.08"]
[Round "7"]
[White "Santagati, Alessandro"]
[Black "Xylogiannopoulos, Antonios"]
[Result "0-1"]
[Board "3"]
[WhiteElo "2315"]
[WhiteTitle "FM"]
[WhiteCountry "ITA"]
[WhiteFideId "814644"]
[WhiteEloChange "-11"]
[BlackElo "2265"]
[BlackCountry "GRE"]
[BlackFideId "4215133"]
[BlackEloChange "11"]

1. d4 {[%clk 1:30:58]} d5 {[%clk 1:30:47]} 2. Bf4 {[%clk 1:31:22]} Nf6 {[%clk
1:31:12]} 3. e3 {[%clk 1:31:35]} c5 {[%clk 1:31:36]} 4. c3 {[%clk 1:31:15]} Nc6
{[%clk 1:31:57]} 5. Nf3 {[%clk 1:31:13]} Qb6 {[%clk 1:31:37]} 6. Qb3 {[%clk
1:17:33]} c4 {[%clk 1:31:53]} 7. Qxb6 {[%clk 1:09:04]} axb6 {[%clk 1:32:15]} 8.
Na3 {[%clk 1:08:46]} Ra5 {[%clk 1:29:27]} 9. Bc7 {[%clk 1:06:51]} e6 {[%clk
1:28:30]} 10. Nc2 {[%clk 1:05:07]} Kd7 {[%clk 1:26:38]} 11. Bg3 {[%clk 1:00:05]}
Ne4 {[%clk 1:24:44]} 12. a3 {[%clk 0:56:42]} f6 {[%clk 1:24:35]} 13. Nd2 {[%clk
0:52:20]} Nxd2 {[%clk 1:19:27]} 14. Kxd2 {[%clk 0:52:29]} h5 {[%clk 1:17:29]} 15.
f3 {[%clk 0:47:54]} g6 {[%clk 1:14:21]} 16. Re1 {[%clk 0:44:59]} Bh6 {[%clk
1:13:11]} 17. Kd1 {[%clk 0:43:43]} Re8 {[%clk 1:05:49]} 18. e4 {[%clk 0:42:48]}
Ra8 {[%clk 1:04:50]} 19. Ne3 {[%clk 0:40:56]} Bxe3 {[%clk 0:58:08]} 20. Rxe3
{[%clk 0:41:15]} b5 {[%clk 0:56:19]} 21. Kd2 {[%clk 0:37:07]} Na5 {[%clk
0:52:16]} 22. Be2 {[%clk 0:26:52]} Nb3+ {[%clk 0:52:42]} 23. Kc2 {[%clk 0:27:07]}
b6 {[%clk 0:52:33]} 24. Kb1 {[%clk 0:16:03]} b4 {[%clk 0:41:52]} 25. Re1 {[%clk
0:11:57]} bxa3 {[%clk 0:35:38]} 26. bxa3 {[%clk 0:12:11]} Bb7 {[%clk 0:36:07]}
27. Kb2 {[%clk 0:11:14]} Ra5 {[%clk 0:33:10]} 28. exd5 {[%clk 0:06:44]} Bxd5
{[%clk 0:33:11]} 29. Bd1 {[%clk 0:05:39]} Rea8 {[%clk 0:33:27]} 30. Bxb3 {[%clk
0:05:42]} Rb5 {[%clk 0:33:04]} 31. Ra1 {[%clk 0:05:24]} Rxb3+ {[%clk 0:33:29]}
32. Kc2 {[%clk 0:05:35]} Raxa3 {[%clk 0:33:19]} 33. Rxa3 {[%clk 0:05:52]} Rxa3
{[%clk 0:33:47]} 34. Kb2 {[%clk 0:05:51]} Ra8 {[%clk 0:33:04]} 35. Re1 {[%clk
0:05:41]} b5 {[%clk 0:28:04]} 36. Ra1 {[%clk 0:05:39]} Rxa1 {[%clk 0:28:04]} 37.
Kxa1 {[%clk 0:06:07]} g5 {[%clk 0:28:02]} 38. Bf2 {[%clk 0:03:56]} g4 {[%clk
0:23:34]} 39. fxg4 {[%clk 0:03:52]} hxg4 {[%clk 0:23:43]} 40. g3 {[%clk 0:33:57]}
Kc6 {[%clk 0:51:18]} 41. Kb2 {[%clk 0:33:42]} Bf3 {[%clk 0:48:16]} 42. Kc2 {[%clk
0:33:43]} Kd5 {[%clk 0:48:40]} 43. Kd2 {[%clk 0:33:58]} Ke4 {[%clk 0:49:03]} 44.
Bg1 {[%clk 0:34:05]} Bg2 {[%clk 0:46:05]} 45. Be3 {[%clk 0:27:25]} b4 {[%clk
0:40:21]} 46. Bh6 {[%clk 0:25:55]} b3 {[%clk 0:40:35]} 47. Kc1 {[%clk 0:25:51]}
Kd3 {[%clk 0:40:47]} 48. Kb2 {[%clk 0:23:20]} e5 {[%clk 0:40:25]} 49. Bg7 {[%clk
0:22:53]} e4 {[%clk 0:40:30]} 50. d5 {[%clk 0:22:51]} e3 {[%clk 0:40:50]} 51. d6
{[%clk 0:23:18]} Bc6 {[%clk 0:41:17]} 0-1

[Event "Greek Team Championship"]
[Site "chess24.com"]
[Date "2017.07.08"]
[Round "7"]
[White "Mihopoulos, Konstantinos"]
[Black "Sandalakis, Nikolaos"]
[Result "0-1"]
[Board "4"]
[WhiteElo "2028"]
[WhiteCountry "GRE"]
[WhiteFideId "4217110"]
[WhiteEloChange "-5"]
[BlackElo "2229"]
[BlackCountry "GRE"]
[BlackFideId "4222890"]
[BlackEloChange "5"]

1. e4 {[%clk 1:29:34]} e5 {[%clk 1:30:31]} 2. Nf3 {[%clk 1:29:57]} Nc6 {[%clk
1:30:56]} 3. Bb5 {[%clk 1:30:21]} a6 {[%clk 1:31:18]} 4. Ba4 {[%clk 1:30:46]} Nf6
{[%clk 1:31:10]} 5. d3 {[%clk 1:31:06]} b5 {[%clk 1:31:09]} 6. Bb3 {[%clk
1:31:28]} Be7 {[%clk 1:31:13]} 7. Nc3 {[%clk 1:31:36]} d6 {[%clk 1:29:32]} 8. a3
{[%clk 1:31:56]} Na5 {[%clk 1:22:18]} 9. Ba2 {[%clk 1:29:31]} c5 {[%clk 1:20:52]}
10. Bg5 {[%clk 1:26:22]} Nc6 {[%clk 1:12:27]} 11. Bxf6 {[%clk 1:21:53]} Bxf6
{[%clk 1:11:09]} 12. h3 {[%clk 1:22:06]} Ne7 {[%clk 1:09:18]} 13. Bd5 {[%clk
1:16:56]} Rb8 {[%clk 1:06:24]} 14. O-O {[%clk 1:11:40]} b4 {[%clk 1:02:38]} 15.
axb4 {[%clk 1:10:43]} cxb4 {[%clk 1:03:00]} 16. Nb1 {[%clk 1:11:02]} Nxd5 {[%clk
1:02:53]} 17. exd5 {[%clk 1:11:30]} O-O {[%clk 0:56:06]} 18. Nbd2 {[%clk
1:05:08]} Rb5 {[%clk 0:50:12]} 19. Ra4 {[%clk 0:58:07]} Rxd5 {[%clk 0:33:50]} 20.
Rxb4 {[%clk 0:57:24]} Rb5 {[%clk 0:30:09]} 21. Rxb5 {[%clk 0:51:00]} axb5 {[%clk
0:30:35]} 22. d4 {[%clk 0:51:23]} Bb7 {[%clk 0:24:12]} 23. dxe5 {[%clk 0:49:33]}
dxe5 {[%clk 0:24:21]} 24. Qe2 {[%clk 0:49:54]} Qd5 {[%clk 0:24:36]} 25. Re1
{[%clk 0:49:16]} Rc8 {[%clk 0:18:06]} 26. c3 {[%clk 0:41:33]} g6 {[%clk 0:17:55]}
27. Qe4 {[%clk 0:41:08]} Qd7 {[%clk 0:17:06]} 28. Qg4 {[%clk 0:39:11]} Qd3 {[%clk
0:10:29]} 29. Re3 {[%clk 0:33:45]} Qd5 {[%clk 0:07:49]} 30. Qe4 {[%clk 0:31:17]}
Ra8 {[%clk 0:07:41]} 31. Qxd5 {[%clk 0:29:46]} Bxd5 {[%clk 0:08:04]} 32. Nxe5
{[%clk 0:29:58]} Ra1+ {[%clk 0:08:16]} 33. Kh2 {[%clk 0:30:13]} Bg5 {[%clk
0:08:40]} 34. Kg3 {[%clk 0:25:42]} Bxe3 {[%clk 0:08:50]} 35. fxe3 {[%clk
0:26:11]} Rd1 {[%clk 0:04:29]} 36. Ndf3 {[%clk 0:26:00]} Bxf3 {[%clk 0:04:18]}
37. Kxf3 {[%clk 0:22:06]} Rd2 {[%clk 0:04:11]} 38. b3 {[%clk 0:21:59]} Rb2 {[%clk
0:03:57]} 39. b4 {[%clk 0:21:09]} Rc2 {[%clk 0:04:05]} 40. Nc6 {[%clk 0:51:09]}
Rxc3 {[%clk 0:34:20]} 41. Nd4 {[%clk 0:51:32]} Rc4 {[%clk 0:34:15]} 42. Nxb5
{[%clk 0:51:56]} Rxb4 {[%clk 0:34:41]} 43. Nd4 {[%clk 0:52:15]} Kg7 {[%clk
0:34:33]} 44. Ne2 {[%clk 0:50:18]} Kf6 {[%clk 0:33:42]} 45. Nf4 {[%clk 0:50:20]}
Ra4 {[%clk 0:33:47]} 46. Ne2 {[%clk 0:50:34]} Ke5 {[%clk 0:33:11]} 47. Nf4 {[%clk
0:50:11]} Ra3 {[%clk 0:31:59]} 48. Ne2 {[%clk 0:50:24]} f5 {[%clk 0:27:53]} 49.
h4 {[%clk 0:50:06]} Ra4 {[%clk 0:27:05]} 50. Nf4 {[%clk 0:49:48]} Rc4 {[%clk
0:20:35]} 51. g3 {[%clk 0:47:38]} Ra4 {[%clk 0:20:24]} 52. Nd3+ {[%clk 0:47:48]}
Kf6 {[%clk 0:20:45]} 53. Nf2 {[%clk 0:46:50]} Ra2 {[%clk 0:18:06]} 54. Nh3 {[%clk
0:46:01]} h6 {[%clk 0:17:15]} 55. Nf2 {[%clk 0:45:08]} Rd2 {[%clk 0:15:36]} 56.
Nh3 {[%clk 0:44:35]} Rd1 {[%clk 0:13:27]} 57. Nf2 {[%clk 0:43:56]} Rf1 {[%clk
0:12:57]} 58. Ke2 {[%clk 0:43:59]} Ra1 {[%clk 0:10:56]} 59. Kf3 {[%clk 0:44:00]}
Ra3 {[%clk 0:11:06]} 60. g4 {[%clk 0:35:27]} Rb3 {[%clk 0:08:25]} 61. gxf5 {[%clk
0:34:59]} Kxf5 {[%clk 0:07:53]} 62. Ne4 {[%clk 0:32:48]} Rb4 {[%clk 0:06:54]} 63.
Ng3+ {[%clk 0:31:57]} Ke5 {[%clk 0:06:28]} 64. h5 {[%clk 0:31:31]} g5 {[%clk
0:06:38]} 65. Nh1 {[%clk 0:30:08]} Ra4 {[%clk 0:04:00]} 66. Nf2 {[%clk 0:30:22]}
Rh4 {[%clk 0:03:41]} 67. Kg3 {[%clk 0:24:12]} Rxh5 {[%clk 0:03:40]} 68. Ng4+
{[%clk 0:24:37]} Ke6 {[%clk 0:03:45]} 69. Nf2 {[%clk 0:24:38]} Rh4 {[%clk
0:03:58]} 70. Kf3 {[%clk 0:24:51]} Ra4 {[%clk 0:04:04]} 71. Nd3 {[%clk 0:24:38]}
Rc4 {[%clk 0:04:00]} 72. Nb2 {[%clk 0:24:34]} Rc3 {[%clk 0:03:45]} 73. Nd1 {[%clk
0:24:53]} Rb3 {[%clk 0:04:04]} 74. Nf2 {[%clk 0:24:58]} Kf5 {[%clk 0:04:00]} 75.
Nh1 {[%clk 0:24:07]} g4+ {[%clk 0:03:55]} 76. Kf2 {[%clk 0:24:30]} Rb2+ {[%clk
0:04:19]} 77. Kg3 {[%clk 0:24:49]} h5 {[%clk 0:04:34]} 78. Nf2 {[%clk 0:24:39]}
h4+ {[%clk 0:04:58]} 0-1

[Event "Greek Team Championship"]
[Site "chess24.com"]
[Date "2017.07.08"]
[Round "7"]
[White "Drakaki, Anna-Maria"]
[Black "Fragkou, Eleni"]
[Result "1/2-1/2"]
[Board "5"]
[WhiteElo "1912"]
[WhiteCountry "GRE"]
[WhiteFideId "4225210"]
[WhiteEloChange "2"]
[BlackElo "1974"]
[BlackCountry "GRE"]
[BlackFideId "4221150"]
[BlackEloChange "-2"]

1. e4 {[%clk 1:30:57]} e5 {[%clk 1:30:49]} 2. Bc4 {[%clk 1:30:04]} Nf6 {[%clk
1:30:55]} 3. d3 {[%clk 1:30:28]} c6 {[%clk 1:31:19]} 4. Qe2 {[%clk 1:27:45]} Be7
{[%clk 1:30:32]} 5. Nf3 {[%clk 1:27:41]} O-O {[%clk 1:30:37]} 6. O-O {[%clk
1:27:25]} d6 {[%clk 1:30:14]} 7. c3 {[%clk 1:26:30]} Bg4 {[%clk 1:27:56]} 8. h3
{[%clk 1:20:52]} Bh5 {[%clk 1:27:19]} 9. Bb3 {[%clk 1:19:47]} Nbd7 {[%clk
1:27:03]} 10. Nbd2 {[%clk 1:19:51]} Nc5 {[%clk 1:25:26]} 11. Bc2 {[%clk 1:05:47]}
Ne6 {[%clk 1:25:43]} 12. Nc4 {[%clk 1:01:43]} b5 {[%clk 0:50:21]} 13. Ne3 {[%clk
1:00:05]} Nf4 {[%clk 0:39:07]} 14. Qd1 {[%clk 0:59:45]} Qd7 {[%clk 0:30:26]} 15.
Nf5 {[%clk 0:54:09]} Bd8 {[%clk 0:30:34]} 16. d4 {[%clk 0:39:35]} g6 {[%clk
0:08:04]} 17. dxe5 {[%clk 0:20:28]} dxe5 {[%clk 0:07:57]} 18. Nh6+ {[%clk
0:14:34]} Kg7 {[%clk 0:07:20]} 19. Qxd7 {[%clk 0:14:36]} Nxd7 {[%clk 0:07:15]}
20. Bxf4 {[%clk 0:12:41]} exf4 {[%clk 0:05:49]} 21. Ng4 {[%clk 0:12:04]} Bxg4
{[%clk 0:03:44]} 22. hxg4 {[%clk 0:12:28]} Bb6 {[%clk 0:03:05]} 23. Rad1 {[%clk
0:08:37]} Nf6 {[%clk 0:02:17]} 24. Nh2 {[%clk 0:06:27]} Rfe8 {[%clk 0:01:40]} 25.
Rfe1 {[%clk 0:06:08]} Rad8 {[%clk 0:00:35]} 26. g5 {[%clk 0:04:22]} Nh5 {[%clk
0:00:46]} 27. Ng4 {[%clk 0:03:13]} f6 {[%clk 0:00:42]} 28. gxf6+ {[%clk 0:02:03]}
Nxf6 {[%clk 0:01:12]} 29. Nxf6 {[%clk 0:01:58]} Kxf6 {[%clk 0:01:37]} 30. Kf1
{[%clk 0:00:51]} Ke5 {[%clk 0:00:59]} 31. f3 {[%clk 0:00:41]} h5 {[%clk 0:00:58]}
32. Rxd8 {[%clk 0:00:46]} Rxd8 {[%clk 0:01:23]} 33. Rd1 {[%clk 0:01:12]} Rxd1+
{[%clk 0:00:40]} 34. Bxd1 {[%clk 0:01:38]} g5 {[%clk 0:00:35]} 35. Bb3 {[%clk
0:01:38]} g4 {[%clk 0:00:34]} 36. Bf7 {[%clk 0:01:13]} gxf3 {[%clk 0:00:40]} 37.
gxf3 {[%clk 0:00:34]} h4 {[%clk 0:01:04]} 38. Kg2 {[%clk 0:01:03]} Be3 {[%clk
0:00:36]} 39. Be8 {[%clk 0:01:04]} Kd6 {[%clk 0:00:38]} 40. Kh3 {[%clk 0:30:41]}
Bf2 {[%clk 0:31:03]} 41. Kg4 {[%clk 0:29:14]} a5 {[%clk 0:26:02]} 42. b4 {[%clk
0:20:10]} axb4 {[%clk 0:18:20]} 43. cxb4 {[%clk 0:20:35]} c5 {[%clk 0:16:55]} 44.
Bxb5 {[%clk 0:15:21]} cxb4 {[%clk 0:15:11]} 45. Kxf4 {[%clk 0:14:50]} Bg3+ {[%clk
0:04:20]} 46. Kg4 {[%clk 0:10:08]} Ke5 {[%clk 0:04:45]} 47. Bc6 {[%clk 0:09:48]}
Kd6 {[%clk 0:02:46]} 48. Ba8 {[%clk 0:08:17]} Ke5 {[%clk 0:03:11]} 49. Bb7 {[%clk
0:08:35]} Bh2 {[%clk 0:02:34]} 50. Kxh4 {[%clk 0:07:53]} Kf4 {[%clk 0:02:58]} 51.
Kh3 {[%clk 0:08:05]} Bg1 {[%clk 0:03:23]} 52. Kg2 {[%clk 0:05:19]} Bd4 {[%clk
0:03:44]} 53. Bc8 {[%clk 0:04:24]} Bb2 {[%clk 0:01:44]} 54. Kf2 {[%clk 0:04:12]}
Bd4+ {[%clk 0:00:43]} 55. Ke2 {[%clk 0:04:36]} Be5 {[%clk 0:00:40]} 56. Bg4
{[%clk 0:04:38]} Bb2 {[%clk 0:00:36]} 57. Kd3 {[%clk 0:04:42]} Ke5 {[%clk
0:00:32]} 58. Kc4 {[%clk 0:03:21]} Ba3 {[%clk 0:00:55]} 59. Bh5 {[%clk 0:01:24]}
Kf4 {[%clk 0:01:02]} 60. Kd5 {[%clk 0:01:34]} Bb2 {[%clk 0:01:22]} 61. Bg4 {[%clk
0:00:40]} Bc3 {[%clk 0:01:09]} 62. Kc4 {[%clk 0:00:36]} Bd2 {[%clk 0:00:53]} 63.
Kc5 {[%clk 0:00:43]} Ke5 {[%clk 0:00:54]} 64. Bh5 {[%clk 0:00:39]} Be1 {[%clk
0:00:42]} 65. Kc4 {[%clk 0:00:49]} Bd2 {[%clk 0:01:02]} 66. Kd3 {[%clk 0:01:02]}
Bg5 {[%clk 0:01:24]} 67. Kc4 {[%clk 0:00:38]} Be7 {[%clk 0:01:06]} 68. Bg4 {[%clk
0:00:33]} Bf8 {[%clk 0:01:29]} 69. Bf5 {[%clk 0:00:50]} Be7 {[%clk 0:01:52]} 70.
Kb5 {[%clk 0:00:39]} Bf8 {[%clk 0:02:06]} 71. Kc6 {[%clk 0:00:58]} Bh6 {[%clk
0:02:28]} 72. Kd7 {[%clk 0:01:09]} Bc1 {[%clk 0:02:49]} 73. Ke7 {[%clk 0:01:06]}
Bg5+ {[%clk 0:03:10]} 74. Kf7 {[%clk 0:01:19]} Bd2 {[%clk 0:03:31]} 75. Kg6
{[%clk 0:01:01]} Be3 {[%clk 0:03:52]} 76. Kh5 {[%clk 0:00:46]} 1/2-1/2

[Event "Greek Team Championship"]
[Site "chess24.com"]
[Date "2017.07.08"]
[Round "7"]
[White "Kouta, Vasiliki"]
[Black "Vitzileou, Fedra"]
[Result "1-0"]
[Board "6"]
[WhiteElo "1422"]
[WhiteCountry "GRE"]
[WhiteFideId "4241576"]
[WhiteEloChange "6"]
[BlackElo "1271"]
[BlackCountry "GRE"]
[BlackFideId "4296575"]
[BlackEloChange "-6"]

1. e4 {[%clk 1:30:58]} c5 {[%clk 1:30:53]} 2. Nf3 {[%clk 1:31:22]} Nc6 {[%clk
1:31:18]} 3. Bb5 {[%clk 1:31:41]} d6 {[%clk 1:31:39]} 4. Bxc6+ {[%clk 1:30:38]}
bxc6 {[%clk 1:31:56]} 5. c3 {[%clk 1:28:31]} Bg4 {[%clk 1:24:49]} 6. d3 {[%clk
1:28:12]} Bxf3 {[%clk 1:24:57]} 7. Qxf3 {[%clk 1:28:31]} e5 {[%clk 1:24:52]} 8.
Nd2 {[%clk 1:27:33]} Nf6 {[%clk 1:23:32]} 9. O-O {[%clk 1:24:26]} Be7 {[%clk
1:20:59]} 10. Qe2 {[%clk 1:23:11]} O-O {[%clk 1:18:59]} 11. Nf3 {[%clk 1:22:59]}
Qb6 {[%clk 1:16:33]} 12. Nh4 {[%clk 1:18:06]} Rfe8 {[%clk 1:10:54]} 13. Nf5
{[%clk 1:15:47]} h6 {[%clk 1:07:39]} 14. Qf3 {[%clk 1:14:31]} Bf8 {[%clk
1:01:40]} 15. Nxh6+ {[%clk 1:09:24]} gxh6 {[%clk 0:59:41]} 16. Qxf6 {[%clk
1:09:21]} Re6 {[%clk 0:57:41]} 17. Qf5 {[%clk 1:07:09]} Rg6 {[%clk 0:55:27]} 18.
f4 {[%clk 1:04:52]} exf4 {[%clk 0:51:07]} 19. Rxf4 {[%clk 1:01:34]} Qc7 {[%clk
0:50:24]} 20. Be3 {[%clk 0:57:36]} Re8 {[%clk 0:49:15]} 21. Raf1 {[%clk 0:54:08]}
Re7 {[%clk 0:49:09]} 22. Rg4 {[%clk 0:33:57]} Rxg4 {[%clk 0:48:30]} 23. Qxg4+
{[%clk 0:34:25]} Kh7 {[%clk 0:47:24]} 24. Qf5+ {[%clk 0:30:55]} Kg8 {[%clk
0:47:13]} 25. Rf3 {[%clk 0:27:38]} Re5 {[%clk 0:43:34]} 26. Rg3+ {[%clk 0:20:42]}
Kh8 {[%clk 0:43:36]} 27. Qg4 {[%clk 0:20:07]} 1-0